| Tag |
First Indicator |
Second Indicator |
Subfields |
| LEADER |
00000cam a2200000 4500 |
| 001 |
in00000052282 |
| 005 |
20151007070048.0 |
| 008 |
750716s1942 nyu 00000 eng u |
| 010 |
|
|
|a 42024840
|
| 035 |
|
|
|a (OCoLC)01453058
|
| 035 |
|
|
|9 AAE3264AM
|
| 040 |
|
|
|c JPL
|d TXA
|d UtOrBLW
|
| 049 |
|
|
|a TXAM
|c [135184]
|
| 050 |
0 |
0 |
|a QH368
|b .G9
|
| 082 |
0 |
|
|a 573.1
|
| 092 |
|
|
|a 573.1
|b G988s
|
| 100 |
1 |
|
|a Guyer, Michael F.
|q (Michael Frederic),
|d 1874-1959.
|
| 245 |
1 |
0 |
|a Speaking of man ;
|b a biologist looks at man /
|c by Michael F. Guyer.
|
| 264 |
|
1 |
|a New York,
|a London :
|b Harper & brothers,
|c [1942]
|
| 300 |
|
|
|a 5 preliminary leaves, 321 pages :
|b 1 illustration ;
|c 23 cm.
|
| 336 |
|
|
|a text
|b txt
|2 rdacontent
|
| 337 |
|
|
|a unmediated
|b n
|2 rdamedia
|
| 338 |
|
|
|a volume
|b nc
|2 rdacarrier
|
| 500 |
|
|
|a "First edition."
|
| 650 |
|
0 |
|a Human beings.
|
| 999 |
|
|
|a MARS
|
| 999 |
f |
f |
|s 93440734-06a3-35fe-8981-46039614b974
|i a049f103-915c-3301-8cd7-7550a85cfc65
|t 0
|
| 952 |
f |
f |
|p ric
|a Texas A&M University
|b Rellis Campus
|c Joint Library Facility
|d Remote Storage
|t 0
|e QH368 .G9
|h Library of Congress classification
|i unmediated -- volume
|m A14800969146
|
| 998 |
f |
f |
|a QH368 .G9
|t 0
|l Remote Storage
|